[Event "Portoroz op 12th"]
[Site "Portoroz"]
[Date "2018.07.15"]
[Round "3"]
[White "Sedina, Elena"]
[Black "Vrecek, Matej"]
[Result "1-0"]
[WhiteElo "2284"]
[BlackElo "1693"]
[PlyCount "41"]
[EventDate "2018.07.14"]
[EventType "swiss"]
[EventRounds "9"]
[EventCountry "SVK"]
[SourceTitle "EXT 2019"]
[Source "ChessBase"]
[SourceDate "2018.10.10"]
[SourceVersion "1"]
[SourceVersionDate "2018.10.10"]
[SourceQuality "1"]

1. e4 d6 2. d4 g6 3. Nc3 Bg7 4. f4 b6 5. Nf3 Nd7 6. Bd3 c5 7. d5 a6 8. a4 Nh6 9. 0-0 0-0 10. Qe2 Re8 11. f5 e5 12. dxe6 fxe6 13. fxe6 Nf6 14. Bc4 Bxe6 15. Bxe6+ Rxe6 16. Qc4 d5 17. exd5 Rd6 18. Bf4 Nhg4 19. h3 Bh6 20. hxg4 g5 21. Bxd6 1-0

[Event "Ljubljana Autumn op"]
[Site "Ljubljana"]
[Date "2013.12.04"]
[Round "8"]
[White "Tisler, Janez"]
[Black "Vrecek, Matej"]
[Result "1-0"]
[WhiteElo "1584"]
[BlackElo "1718"]
[PlyCount "119"]
[EventDate "2013.09.04"]
[EventType "swiss"]
[EventRounds "9"]
[EventCountry "SLO"]
[SourceTitle "EXT 2023"]
[Source "ChessBase"]
[SourceDate "2022.10.05"]
[SourceVersion "1"]
[SourceVersionDate "2022.10.05"]
[SourceQuality "1"]

1. Nf3 d5 2. g3 Nf6 3. c4 c6 4. e3 Bg4 5. Nc3 e5 6. Be2 Bxf3 7. Bxf3 e4 8. Be2 Nbd7 9. a3 Qb6 10. b4 dxc4 11. Bxc4 Ne5 12. Be2 Nd3+ 13. Bxd3 exd3 14. Bb2 c5 15. Qa4+ Kd8 16. Qb3 Qe6 17. Qxe6 fxe6 18. bxc5 Bxc5 19. Na4 Rc8 20. f3 Ke7 21. Rc1 b6 22. Rc3 Bd6 23. Rxd3 Rc2 24. Rc3 Rc8 25. Rxc8 Rxc8 26. Ke2 b5 27. Nc3 a6 28. Rc1 Kd7 29. d4 b4 30. axb4 Bxb4 31. Na4 Rb8 32. e4 Be7 33. Kd3 Rb4 34. Rc4 Rb3+ 35. Ke2 g6 36. g4 Ne8 37. e5 Nc7 38. Bc1 Nd5 39. Bd2 Ra3 40. Nc5+ Bxc5 41. Rxc5 Ra4 42. Kd3 Ra3+ 43. Ke4 Ra2 44. Bg5 a5 45. h4 a4 46. Ra5 a3 47. Bc1 Nc3+ 48. Kd3 Nb1 49. Ra7+ Ke8 50. Rxh7 Rg2 51. Rh8+ Kf7 52. Ra8 a2 53. h5 gxh5 54. gxh5 Rf2 55. Ra7+ Kg8 56. h6 Rxf3+ 57. Kc2 Rf2+ 58. Kb3 Rf1 59. Bb2 Na3 60. Rxa3 1-0

[Event "Ljubljana op 1st"]
[Site "Ljubljana"]
[Date "2013.02.05"]
[Round "3"]
[White "Vrecek, Matej"]
[Black "Crnic, Ivan"]
[Result "1-0"]
[WhiteElo "1713"]
[BlackElo "1639"]
[PlyCount "67"]
[EventDate "2013.01.09"]
[EventType "swiss"]
[EventRounds "9"]
[EventCountry "SLO"]
[SourceTitle "EXT 2023"]
[Source "ChessBase"]
[SourceDate "2022.10.05"]
[SourceVersion "1"]
[SourceVersionDate "2022.10.05"]
[SourceQuality "1"]

1. e4 c5 2. Nf3 d6 3. d4 cxd4 4. Nxd4 Nf6 5. Nc3 a6 6. Be3 e5 7. Nb3 Be6 8. Qd2 Be7 9. Bd3 Nbd7 10. 0-0 Qc7 11. f4 Ng4 12. f5 Nxe3 13. fxe6 Nxf1 14. exd7+ Qxd7 15. Rxf1 Qg4 16. Nd5 Bd8 17. Rf3 Rg8 18. Qb4 Qd7 19. Nb6 Bxb6+ 20. Qxb6 Rc8 21. Na5 Rc7 22. c3 g5 23. Bc4 Rg7 24. Rf6 Ke7 25. Rf1 h5 26. Bd5 g4 27. Qf2 Kf8 28. Qf6 Rh7 29. Nc4 Rxc4 30. Bxc4 Qc7 31. Bxf7 Rxf7 32. Qh8+ Ke7 33. Rxf7+ Kxf7 34. Qh7+ 1-0

[Event "Ljubljana op 1st"]
[Site "Ljubljana"]
[Date "2013.02.05"]
[Round "1"]
[White "Vrecek, Matej"]
[Black "Ditrich, Sasa"]
[Result "1-0"]
[WhiteElo "1713"]
[BlackElo "1537"]
[PlyCount "103"]
[EventDate "2013.01.09"]
[EventType "swiss"]
[EventRounds "9"]
[EventCountry "SLO"]
[SourceTitle "EXT 2023"]
[Source "ChessBase"]
[SourceDate "2022.10.05"]
[SourceVersion "1"]
[SourceVersionDate "2022.10.05"]
[SourceQuality "1"]

1. e4 c5 2. Nf3 Nc6 3. d4 cxd4 4. Nxd4 Nf6 5. Nc3 d6 6. Be3 e6 7. Qd2 Be7 8. 0-0-0 a6 9. f3 0-0 10. g4 Qc7 11. h4 Ne5 12. h5 Nc4 13. Bxc4 Qxc4 14. g5 Ne8 15. g6 b5 16. gxh7+ Kxh7 17. b3 Qc7 18. Rdg1 Rg8 19. f4 Bd7 20. f5 Rc8 21. Nce2 Nf6 22. fxe6 fxe6 23. Qd3 e5 24. Nf5 Bxf5 25. exf5 e4 26. Qd2 Nd5 27. Nd4 Qc3 28. Qxc3 Rxc3 29. Bd2 Rcc8 30. Rh3 Bf6 31. Ne6 e3 32. Bxe3 Nxe3 33. Rxe3 Kh6 34. Rg6+ Kh7 35. Kd2 a5 36. Rd3 Be5 37. Rd5 Rb8 38. Kd3 a4 39. Ng5+ Kh8 40. Nf7+ Kh7 41. Nxe5 dxe5 42. Rxe5 axb3 43. axb3 Rb7 44. c4 Rd8+ 45. Rd5 bxc4+ 46. bxc4 Rb3+ 47. Kd4 Rf8 48. h6 gxh6 49. Rd7+ Kh8 50. Rxh6+ Kg8 51. f6 Rf3 52. Rg7# 1-0

[Event "Ljubljana op 1st"]
[Site "Ljubljana"]
[Date "2013.01.19"]
[Round "2"]
[White "Unuk, Laura"]
[Black "Vrecek, Matej"]
[Result "1-0"]
[WhiteElo "2008"]
[BlackElo "1713"]
[PlyCount "103"]
[EventDate "2013.01.09"]
[EventType "swiss"]
[EventRounds "9"]
[EventCountry "SLO"]
[SourceTitle "EXT 2023"]
[Source "ChessBase"]
[SourceDate "2022.10.05"]
[SourceVersion "1"]
[SourceVersionDate "2022.10.05"]
[SourceQuality "1"]

1. d4 d5 2. c4 c6 3. Nf3 e6 4. Nc3 Nf6 5. Bg5 Nbd7 6. e3 a6 7. Qc2 b5 8. cxb5 cxb5 9. Bd3 Be7 10. 0-0 h6 11. Bf4 0-0 12. h3 Bb7 13. Rac1 Rc8 14. Qb1 Qb6 15. b4 Bd6 16. Ne5 Be7 17. Ne2 Nxe5 18. Bxe5 Ne4 19. Qb2 Bd6 20. Bxe4 dxe4 21. Bxd6 Qxd6 22. Rc5 Bd5 23. Rfc1 Bc4 24. Nf4 Ra8 25. a4 g6 26. Qb1 g5 27. Nh5 f5 28. Qb2 Qe7 29. Re5 Qf7 30. Ng3 Rac8 31. a5 Bd5 32. Rc5 Qg6 33. Nf1 Qh5 34. Qc1 Bc4 35. Nd2 Rxc5 36. Rxc5 Bd5 37. Nf1 f4 38. Rc7 Qe2 39. Rc2 Qh5 40. Rc8 Qf7 41. Rc7 Qe8 42. Qc5 Qg6 43. Qe7 h5 44. Rd7 h4 45. Nh2 fxe3 46. fxe3 Bc4 47. Ng4 Bd5 48. Ne5 Qh6 49. Rd8 Qg7 50. Rxf8+ Qxf8 51. Qxg5+ Qg7 52. Qxh4 1-0

[Event "Sentjur Ipavec Memorial 11th"]
[Site "Sentjur"]
[Date "2010.09.21"]
[Round "7"]
[White "Vrecek, Matej"]
[Black "Skuhala, Jernej"]
[Result "0-1"]
[WhiteElo "1785"]
[BlackElo "1747"]
[PlyCount "96"]
[EventDate "2010.09.17"]
[EventType "swiss"]
[EventRounds "9"]
[EventCountry "SLO"]
[SourceTitle "CBM 138 Extra"]
[Source "ChessBase"]
[SourceDate "2010.10.29"]
[SourceVersion "1"]
[SourceVersionDate "2010.10.29"]
[SourceQuality "1"]

1. e4 c5 2. Nf3 d6 3. d4 cxd4 4. Nxd4 Nf6 5. Nc3 a6 6. Be2 e5 7. Nb3 Be7 8. Be3 Nc6 9. a4 Be6 10. 0-0 0-0 11. Nd2 d5 12. exd5 Nxd5 13. Nxd5 Bxd5 14. c4 Be6 15. Qb3 Qc8 16. Bb6 Bd8 17. Nf3 f5 18. Rfd1 e4 19. Bxd8 exf3 20. Bxf3 Rxd8 21. Re1 Bf7 22. Bd5 Bxd5 23. cxd5 Nd4 24. Qb6 Nc2 25. Rac1 Nxe1 26. Rxc8 Raxc8 27. Qe6+ Kh8 28. Qxe1 Rxd5 29. g3 Rcd8 30. Qe7 R5d7 31. Qe6 g6 32. Kg2 Kg7 33. h4 Rf7 34. b3 Rdf8 35. Qe5+ Rf6 36. f3 h6 37. f4 Kh7 38. Kf3 R8f7 39. Ke3 Rc6 40. Qd4 Rfc7 41. Kd2 Rc2+ 42. Kd1 Rc1+ 43. Ke2 R7c2+ 44. Ke3 Re1+ 45. Kf3 Re7 46. h5 Rec7 47. hxg6+ Kxg6 48. Qb6+ R7c6 0-1

[Event "Sentjur Ipavec Memorial 11th"]
[Site "Sentjur"]
[Date "2010.09.17"]
[Round "1"]
[White "Vrecek, Matej"]
[Black "Pesec, Franc"]
[Result "0-1"]
[WhiteElo "1785"]
[BlackElo "2150"]
[PlyCount "41"]
[EventDate "2010.09.17"]
[EventType "swiss"]
[EventRounds "9"]
[EventCountry "SLO"]
[SourceTitle "CBM 138 Extra"]
[Source "ChessBase"]
[SourceDate "2010.10.29"]
[SourceVersion "1"]
[SourceVersionDate "2010.10.29"]
[SourceQuality "1"]

1. e4 e5 2. f4 exf4 3. Nf3 g5 4. Bc4 Bg7 5. h3 c6 6. Nc3 h6 7. d4 Ne7 8. Qd3 d5 9. exd5 cxd5 10. Bb5+ Nbc6 11. Ne2 Bf5 12. Qd2 Qb6 13. Bxc6+ bxc6 14. b3 Be4 15. Ba3 Nf5 16. Rc1 Bxf3 17. gxf3 Nxd4 18. Qc3 Ne6 19. Qd3 Qa5+ 20. b4 Qb5 21. Qf5 0-1

[Event "Nova Gorica op-B 13th"]
[Site "Nova Gorica"]
[Date "2008.01.28"]
[Round "5"]
[White "Kersic, Matej"]
[Black "Vrecek, Matej"]
[Result "1-0"]
[WhiteElo "2199"]
[BlackElo "1800"]
[PlyCount "67"]
[EventDate "2008.01.26"]
[EventType "swiss"]
[EventRounds "9"]
[EventCountry "SLO"]
[SourceTitle "EXT 2010"]
[Source "ChessBase"]
[SourceDate "2010.11.25"]
[SourceVersion "1"]
[SourceVersionDate "2010.11.25"]
[SourceQuality "1"]

1. e4 b6 2. d4 e6 3. Bd3 Nc6 4. Be3 Bb7 5. a3 Nge7 6. c4 Ng6 7. Ne2 Be7 8. 0-0 Bg5 9. f4 Bh6 10. Bd2 Qh4 11. Be1 Qe7 12. Nbc3 0-0 13. Kh1 f5 14. exf5 exf5 15. d5 Nd8 16. Bg3 c6 17. Nd4 Qc5 18. Nxf5 Rxf5 19. Bxf5 Qxc4 20. Be4 Nf7 21. dxc6 Bxc6 22. Bxc6 Qxc6 23. Qb3 Ne7 24. f5 Kf8 25. Rad1 Rd8 26. Nd5 Nxd5 27. Qxd5 Qf6 28. Bc7 Re8 29. Qxd7 Re7 30. Bd6 Nxd6 31. Qxd6 Bg5 32. Qb8+ Kf7 33. Rd8 g6 34. Rf8+ 1-0

[Event "Nova Gorica op-B 13th"]
[Site "Nova Gorica"]
[Date "2008.01.27"]
[Round "3"]
[White "Debevec, Blaz"]
[Black "Vrecek, Matej"]
[Result "1-0"]
[WhiteElo "1929"]
[BlackElo "1800"]
[PlyCount "135"]
[EventDate "2008.01.26"]
[EventType "swiss"]
[EventRounds "9"]
[EventCountry "SLO"]
[SourceTitle "EXT 2010"]
[Source "ChessBase"]
[SourceDate "2010.11.25"]
[SourceVersion "1"]
[SourceVersionDate "2010.11.25"]
[SourceQuality "1"]

1. d4 d5 2. Nf3 Nc6 3. e3 a6 4. c4 e6 5. Nc3 Nf6 6. Bd3 Be7 7. 0-0 dxc4 8. Bxc4 b5 9. Bd3 Bb7 10. a3 0-0 11. b4 h6 12. Bb2 Bd6 13. Qc2 Ne7 14. e4 Nh5 15. e5 Bxf3 16. gxf3 Nc6 17. Ne2 Qg5+ 18. Kh1 Nxe5 19. dxe5 Bxe5 20. Bxe5 Qxe5 21. Qc5 Qxc5 22. bxc5 Rad8 23. Rfd1 Rd5 24. Rac1 Rfd8 25. Bc2 Rd2 26. Ng3 Nxg3+ 27. hxg3 a5 28. Kg2 g6 29. Rxd2 Rxd2 30. Kf1 Kg7 31. Ke1 Rd4 32. Bb1 Kf6 33. Ke2 Ke5 34. Ke3 g5 35. Be4 Ra4 36. Rc3 b4 37. f4+ gxf4+ 38. gxf4+ Kf6 39. axb4 axb4 40. Rc1 Ra3+ 41. Kd4 Ra2 42. f3 Rb2 43. Rb1 Kg7 44. Rg1+ Kf6 45. Rh1 Kg7 46. Ke5 Rg2 47. Rb1 f5 48. Bd3 Rd2 49. Kd4 h5 50. Rxb4 h4 51. Ke3 Rd1 52. Rb1 Rxb1 53. Bxb1 Kf6 54. Bd3 Kg6 55. Bf1 Kf7 56. Kd4 Ke7 57. Ke5 Kf7 58. Kd4 Ke7 59. Ke3 Kd7 60. Bb5+ Ke7 61. Kf2 Kf6 62. Bf1 Ke7 63. Kg2 Kf6 64. Kh3 Kg7 65. Kxh4 Kf6 66. Bc4 Kf7 67. Kg5 Ke7 68. Kg6 1-0

[Event "Nova Gorica op-B 13th"]
[Site "Nova Gorica"]
[Date "2008.01.26"]
[Round "2"]
[White "Vrecek, Matej"]
[Black "Jarc, Jakob"]
[Result "1-0"]
[WhiteElo "1800"]
[BlackElo "1500"]
[PlyCount "49"]
[EventDate "2008.01.26"]
[EventType "swiss"]
[EventRounds "9"]
[EventCountry "SLO"]
[SourceTitle "EXT 2010"]
[Source "ChessBase"]
[SourceDate "2010.11.25"]
[SourceVersion "1"]
[SourceVersionDate "2010.11.25"]
[SourceQuality "1"]

1. e4 e5 2. Nf3 Nc6 3. Bb5 Nf6 4. 0-0 Bc5 5. Nc3 0-0 6. d3 a6 7. Bxc6 dxc6 8. Nxe5 Bd4 9. Nf3 Bg4 10. h3 Bxf3 11. Qxf3 Bxc3 12. bxc3 b5 13. Re1 h6 14. Qg3 Nh5 15. Qg4 Nf6 16. Qg3 Nh5 17. Qf3 Qh4 18. e5 c5 19. Kh2 b4 20. g3 Qe7 21. Qxh5 bxc3 22. Qg4 Qe6 23. Ba3 Qxg4 24. hxg4 Rab8 25. Bxc5 1-0

[Event "SLO-ch qual"]
[Site "Ljubljana"]
[Date "2007.07.14"]
[Round "8"]
[White "Vertacnik, Viktor"]
[Black "Vrecek, Matej"]
[Result "1/2-1/2"]
[WhiteElo "1723"]
[BlackElo "1795"]
[PlyCount "86"]
[EventDate "2007.07.05"]
[EventType "swiss"]
[EventRounds "9"]
[EventCountry "SLO"]
[SourceTitle "EXT 2010"]
[Source "ChessBase"]
[SourceDate "2010.11.25"]
[SourceVersion "1"]
[SourceVersionDate "2010.11.25"]
[SourceQuality "1"]

1. e4 e5 2. Nf3 Nc6 3. Bc4 Nf6 4. d3 Be7 5. c3 0-0 6. 0-0 Na5 7. Nxe5 d6 8. Nxf7 Rxf7 9. Bxf7+ Kxf7 10. h3 Kg8 11. f4 Nc6 12. Nd2 Qe8 13. Nf3 Qh5 14. Qb3+ Kh8 15. Qc2 Bd7 16. Be3 Rg8 17. Rae1 h6 18. d4 g5 19. fxg5 hxg5 20. Nxg5 Rxg5 21. Bxg5 Qxg5 22. Kh2 Qh4 23. Kg1 Nh5 24. Qd2 Kg7 25. Rf3 Bg5 26. Qf2 Qxf2+ 27. Kxf2 Ne7 28. Rh1 Ng6 29. g3 Be6 30. h4 Bd8 31. Kg2 d5 32. e5 b6 33. Rhf1 Bxh4 34. Rh1 Nxg3 35. Rxg3 Bxg3 36. Kxg3 Ne7 37. Rg1 Kf7 38. Rf1+ Ke8 39. Kf4 Ng8 40. Kg5 Kd7 41. Kg6 a5 42. Kg7 Ne7 43. Kf6 Ng8+ 1/2-1/2

[Event "SLO-ch qual"]
[Site "Ljubljana"]
[Date "2007.07.07"]
[Round "3"]
[White "Volcansek, Joze"]
[Black "Vrecek, Matej"]
[Result "0-1"]
[WhiteElo "1850"]
[BlackElo "1795"]
[PlyCount "106"]
[EventDate "2007.07.05"]
[EventType "swiss"]
[EventRounds "9"]
[EventCountry "SLO"]
[SourceTitle "EXT 2010"]
[Source "ChessBase"]
[SourceDate "2010.11.25"]
[SourceVersion "1"]
[SourceVersionDate "2010.11.25"]
[SourceQuality "1"]

1. e4 e5 2. Nf3 Nc6 3. Bb5 a6 4. Ba4 Bc5 5. 0-0 d6 6. h3 h6 7. c3 b5 8. Bc2 Qf6 9. b4 Ba7 10. a4 Nge7 11. d3 0-0 12. Be3 Ng6 13. axb5 axb5 14. Kh2 Bd7 15. Nbd2 Bxe3 16. fxe3 Qe7 17. Qe2 Kh8 18. g4 Kg8 19. Kg3 Rxa1 20. Rxa1 Nd8 21. Nf1 Ne6 22. h4 Rc8 23. Bb3 Qf6 24. N1h2 Ngf4 25. Qd2 Ng6 26. Ra7 Ngf8 27. Qa2 h5 28. g5 Qe7 29. d4 f6 30. gxf6 gxf6 31. Kf2 Kh8 32. Qa5 c6 33. Qa6 Qe8 34. Qa2 c5 35. bxc5 dxc5 36. Bd5 cxd4 37. cxd4 exd4 38. exd4 Nf4 39. Qd2 N8g6 40. Bb3 Nh3+ 41. Ke3 Ngf4 42. Qb2 Qe7 43. Qd2 b4 44. Qb2 Qd6 45. Kd2 Bg4 46. Qa2 Qc6 47. Qc2 Qb6 48. Qa2 Qc6 49. Qc2 Qb5 50. Rc7 Qe2+ 51. Kc1 Rxc7 52. Qxc7 Nd3+ 53. Kb1 Qb2# 0-1